Statistiken für Österreich A-Z

Klicken Sie hier um das Quiz zu spielen!

Allgemein

  • Dieses Quiz wurde 163 mal gespielt
  • Das Durchschnittsergebnis liegt bei 16 aus 25

Antwortstatistiken

A-ZHintAntwort% Korrekt
MBekannter Komponist aus SalzburgW. A. Mozart
97%
Ddieser Fluss fließt durch LinzDonau
95%
UWien ist die einzige Stadt mit diesem FortbewegungsmittelU-Bahn
91%
Leines der NachbarländerLiechtenstein
90%
Bdiese Stadt liegt am BodenseeBregenz
88%
IAustragungsort der VierschanzentourneeInnsbruck
86%
Edie Bundeshauptstadt von BurgenlandEisenstadt
85%
NZweitgrößter See, teils in UngarnNeusiedler See
84%
VÖsterreichs Bundespräsident (Stand Mai 2020)Alexander van der Bellen
83%
Ader größte zur Gänze in Österreich liegende SeeAttersee
76%
WGrößter See KärntensWörthersee
74%
FStadt in der Steiermark, Lied von STSFürstenfeld
72%
KMalte "Der Kuss"Gustav Klimt
71%
YEinzige Stadt Österreichs mit YYbbs an der Donau
66%
SKomponierte "An der schönen blauen Donau"Johann Strauss
65%
QErwin Schrödinger und Wolfgang Pauli waren in diesem Bereich bedeutendQuantenmechanik
65%
JGewann 1966 den Eurovision SongcontestUdo Jürgens
63%
Cbedeutende antike Ausgrabungsstätte in NiederösterreichCarnuntum
59%
PKirchenglocke im StephansdomPummerin
52%
OSo wurde Österreich während des 2. Weltkrieges bezeichnetOstmark
46%
RStaatskanzler nach dem 1. Weltkrieg, Bundespräsident nach dem 2. WeltkriegKarl Renner
37%
HEines der Viertel OberösterreichsHausruckviertel
35%
XEin Bergmassiv in Österreich, endet mit XRax
30%
GNationalpark in der SteiermarkGesäuse
25%
ZEiner der 20 höchsten Berge Österreichs, in TirolZuckerhütl
8%

Verteilung der Resultate

Perzentil nach korrekt beantworteten Fragen

Anzahl Personen mit jedem Resultat

Ihre Resultats-Entwicklung

Sie haben dieses Quiz noch nicht gespielt